[Event "Titled Tuesday intern op 08th Aug Early"]
[Site "Chess.com INT"]
[Date "2023.08.08"]
[Round "3"]
[White "Lisjak, Zlatko"]
[Black "Burmakin, Vladimir"]
[Result "0-1"]
[WhiteElo "2213"]
[BlackElo "2476"]
[PlyCount "78"]
[EventDate "2023.08.08"]
[EventType "swiss (blitz)"]
[EventRounds "11"]
[EventCountry "USA"]
[SourceTitle "EXT 2024"]
[Source "ChessBase"]
[SourceDate "2023.10.10"]
[SourceVersion "1"]
[SourceVersionDate "2023.10.10"]
[SourceQuality "1"]

1. d4 c6 2. e4 d5 3. e5 Bf5 4. h4 Qc8 5. c4 e6 6. g4 Bxb1 7. Rxb1 h5 8. g5 Ne7 9. Nf3 g6 10. Bd3 dxc4 11. Bxc4 Nd7 12. Be3 Nf5 13. Bd3 Nb6 14. Rc1 Nd5 15. Bxf5 exf5 16. Bd2 Be7 17. Qb3 0-0 18. Kf1 Re8 19. Ne1 Rb8 20. Nd3 Qe6 21. Nf4 Nxf4 22. Bxf4 Red8 23. Qxe6 fxe6 24. Rc4 Rd5 25. Rh3 Rbd8 26. Rb3 R8d7 27. Be3 Bd8 28. Ke2 Bb6 29. Rbb4 Rb5 30. Rxb5 cxb5 31. Rc8+ Kf7 32. Rb8 f4 33. Bxf4 Bxd4 34. Kf3 Bxb2 35. Ra8 a6 36. Rb8 Ba3 37. Ke4 Bc5 38. Be3 Be7 39. Bb6 Bf8 0-1

[Event "Titled Tuesday intern op 08th Aug Early"]
[Site "Chess.com INT"]
[Date "2023.08.08"]
[Round "7"]
[White "Rodriguez Santiago, Jaime"]
[Black "Lisjak, Zlatko"]
[Result "0-1"]
[WhiteElo "2020"]
[BlackElo "2213"]
[PlyCount "86"]
[EventDate "2023.08.08"]
[EventType "swiss (blitz)"]
[EventRounds "11"]
[EventCountry "USA"]
[SourceTitle "EXT 2024"]
[Source "ChessBase"]
[SourceDate "2023.10.10"]
[SourceVersion "1"]
[SourceVersionDate "2023.10.10"]
[SourceQuality "1"]

1. c4 e5 2. Nc3 f5 3. g3 d6 4. Bg2 Nf6 5. e3 c6 6. Nge2 Be7 7. b3 0-0 8. 0-0 d5 9. cxd5 cxd5 10. d4 e4 11. h4 Nh5 12. Bd2 Nc6 13. Nxd5 Qxd5 14. Nc3 Qf7 15. g4 fxg4 16. Bxe4 Kh8 17. Bd5 Qg6 18. Bg2 Bxh4 19. Nd5 Bf5 20. b4 Be4 21. b5 Ne7 22. Nxe7 Bxe7 23. Rc1 Rac8 24. Qb3 Bxg2 25. Kxg2 Qe4+ 26. Kg1 Rxc1 27. Rxc1 Qf3 28. Be1 g3 29. Rc2 gxf2+ 30. Rxf2 Qg3+ 31. Kf1 Qh3+ 32. Ke2 Ng3+ 33. Kd1 Qg4+ 34. Kc2 Rxf2+ 35. Bxf2 Qe2+ 36. Kb1 Qxf2 37. Qe6 Bf8 38. d5 Qf6 39. Qc8 h5 40. e4 h4 41. e5 Qf5+ 42. Qxf5 Nxf5 43. Kc2 h3 0-1

[Event "Titled Tuesday intern op 25th Jul Early"]
[Site "Chess.com INT"]
[Date "2023.07.25"]
[Round "2"]
[White "Lisjak, Zlatko"]
[Black "Liu, Casper Yukun"]
[Result "0-1"]
[WhiteElo "2213"]
[BlackElo "2278"]
[PlyCount "58"]
[EventDate "2023.07.25"]
[EventType "swiss (blitz)"]
[EventRounds "11"]
[EventCountry "USA"]
[SourceTitle "EXT 2024"]
[Source "ChessBase"]
[SourceDate "2023.10.10"]
[SourceVersion "1"]
[SourceVersionDate "2023.10.10"]
[SourceQuality "1"]

1. d4 Nf6 2. Nc3 g6 3. Bf4 Bg7 4. h4 0-0 5. e3 d6 6. h5 Nxh5 7. Rxh5 gxh5 8. Qxh5 e5 9. Bg5 Qe8 10. 0-0-0 f6 11. Qxe8 Rxe8 12. Nd5 fxg5 13. Nxc7 Re7 14. Nxa8 b6 15. dxe5 Bxe5 16. Nf3 Nc6 17. Bb5 Bb7 18. Nxe5 dxe5 19. Bxc6 Bxc6 20. Rd8+ Kf7 21. g3 h5 22. f4 exf4 23. exf4 gxf4 24. gxf4 Bf3 25. Rh8 Kg7 26. Rc8 h4 27. Nc7 h3 28. Ne8+ Kg6 29. f5+ Kg5 0-1

[Event "Titled Tuesday intern op 25th Jul Early"]
[Site "Chess.com INT"]
[Date "2023.07.25"]
[Round "1"]
[White "Souleidis, Georgios"]
[Black "Lisjak, Zlatko"]
[Result "1-0"]
[WhiteElo "2419"]
[BlackElo "2213"]
[PlyCount "35"]
[EventDate "2023.07.25"]
[EventType "swiss (blitz)"]
[EventRounds "11"]
[EventCountry "USA"]
[SourceTitle "EXT 2024"]
[Source "ChessBase"]
[SourceDate "2023.10.10"]
[SourceVersion "1"]
[SourceVersionDate "2023.10.10"]
[SourceQuality "1"]

1. e4 d6 2. d4 Nf6 3. Nc3 c6 4. f4 Qa5 5. Bd3 e5 6. Nf3 Nbd7 7. 0-0 Be7 8. Kh1 0-0 9. Qe1 Qc7 10. a4 b6 11. dxe5 dxe5 12. fxe5 Nxe5 13. Nxe5 Qxe5 14. Bf4 Qf5 15. exf5 Re8 16. h3 Bd7 17. Qf2 Bc5 18. Qf3 1-0

[Event "HUN-ch Rapid"]
[Site "Ajka"]
[Date "2023.07.21"]
[Round "4"]
[White "Lisjak, Zlatko"]
[Black "Aczel, Gergely"]
[Result "0-1"]
[WhiteElo "2213"]
[BlackElo "2489"]
[PlyCount "54"]
[EventDate "2023.07.21"]
[EventType "swiss (rapid)"]
[EventRounds "13"]
[EventCountry "HUN"]
[SourceTitle "CBM 215 Extra"]
[Source "ChessBase"]
[SourceDate "2023.09.30"]
[SourceVersion "1"]
[SourceVersionDate "2023.09.30"]
[SourceQuality "1"]

1. d4 Nf6 2. Nc3 d5 3. Bf4 e6 4. e3 Bb4 5. Nge2 0-0 6. a3 Bd6 7. g4 Nxg4 8. h3 Nf6 9. Rg1 Kh8 10. Qd2 Nc6 11. Bg5 Be7 12. f4 Ne8 13. 0-0-0 Nd6 14. Bxe7 Qxe7 15. Ng3 f5 16. Nb5 a6 17. Nxd6 cxd6 18. c4 dxc4 19. d5 exd5 20. e4 fxe4 21. Nh5 Rf7 22. Qxd5 Be6 23. Qxd6 Re8 24. f5 Qxd6 25. Rxd6 Bxf5 26. Bxc4 Rfe7 27. Bxa6 Rc7 0-1

[Event "HUN-ch Rapid"]
[Site "Ajka"]
[Date "2023.07.21"]
[Round "2"]
[White "Lisjak, Zlatko"]
[Black "Sjugirov, Sanan"]
[Result "0-1"]
[WhiteElo "2213"]
[BlackElo "2699"]
[PlyCount "46"]
[EventDate "2023.07.21"]
[EventType "swiss (rapid)"]
[EventRounds "13"]
[EventCountry "HUN"]
[SourceTitle "CBM 215 Extra"]
[Source "ChessBase"]
[SourceDate "2023.09.30"]
[SourceVersion "1"]
[SourceVersionDate "2023.09.30"]
[SourceQuality "1"]

1. d4 Nf6 2. Nc3 d5 3. Bf4 Bf5 4. e3 e6 5. f3 Nc6 6. g4 Bg6 7. h4 h5 8. g5 Nd7 9. Bd3 Bxd3 10. cxd3 g6 11. Nge2 Bg7 12. Qb3 Nb6 13. 0-0-0 0-0 14. Kb1 a5 15. Nb5 a4 16. Qc3 Rc8 17. Rc1 Re8 18. Rhf1 Qd7 19. Rf2 Nxd4 20. Nbxd4 e5 21. Bg3 exd4 22. exd4 c5 23. Qa5 Qf5 0-1

[Event "Titled Tuesday intern op 18th Jul Early"]
[Site "Chess.com INT"]
[Date "2023.07.18"]
[Round "3"]
[White "Davidson, Kevin"]
[Black "Lisjak, Zlatko"]
[Result "1-0"]
[WhiteElo "2154"]
[BlackElo "2213"]
[PlyCount "65"]
[EventDate "2023.07.18"]
[EventType "swiss (blitz)"]
[EventRounds "11"]
[EventCountry "USA"]
[SourceTitle "EXT 2024"]
[Source "ChessBase"]
[SourceDate "2023.10.10"]
[SourceVersion "1"]
[SourceVersionDate "2023.10.10"]
[SourceQuality "1"]

1. e4 d6 2. d4 Nf6 3. Nc3 c6 4. f4 Qa5 5. Bd3 e5 6. Nf3 Nbd7 7. Be3 Be7 8. Qd2 0-0 9. 0-0-0 b5 10. Kb1 b4 11. Ne2 Re8 12. Nc1 exf4 13. Bxf4 Bf8 14. Rhe1 c5 15. Nb3 Qc7 16. e5 Nd5 17. exd6 Qd8 18. Rxe8 Qxe8 19. dxc5 Nxf4 20. Qxf4 Bb7 21. Re1 Qd8 22. Bxh7+ Kxh7 23. Ng5+ Kg8 24. Qxf7+ Kh8 25. Re3 Qxg5 26. Rh3+ Qh6 27. Rxh6+ gxh6 28. Qxd7 Bxg2 29. c6 a5 30. c7 Bb7 31. Nc5 a4 32. Nxb7 a3 33. c8Q 1-0

[Event "Titled Tuesday intern op 18th Jul Early"]
[Site "Chess.com INT"]
[Date "2023.07.18"]
[Round "10"]
[White "Floresvillar Gonzalez, Luis Miguel"]
[Black "Lisjak, Zlatko"]
[Result "0-1"]
[WhiteElo "2019"]
[BlackElo "2213"]
[PlyCount "78"]
[EventDate "2023.07.18"]
[EventType "swiss (blitz)"]
[EventRounds "11"]
[EventCountry "USA"]
[SourceTitle "EXT 2024"]
[Source "ChessBase"]
[SourceDate "2023.10.10"]
[SourceVersion "1"]
[SourceVersionDate "2023.10.10"]
[SourceQuality "1"]

1. e4 d6 2. d4 Nf6 3. Nc3 c6 4. Bg5 Qb6 5. Bxf6 exf6 6. Rb1 Be7 7. Bc4 0-0 8. Nge2 Qc7 9. 0-0 b5 10. Bd3 b4 11. Na4 Re8 12. b3 Nd7 13. Ng3 g6 14. Nb2 Bf8 15. Nc4 a5 16. a3 d5 17. exd5 cxd5 18. Ne3 Bb7 19. a4 f5 20. Qf3 f4 21. Nxd5 Bxd5 22. Qxd5 fxg3 23. fxg3 Nb6 24. Qf3 Bg7 25. d5 Ra7 26. h3 Qc5+ 27. Kh2 Qxd5 28. Qf2 Bd4 29. Qd2 Re3 30. Rbe1 Rae7 31. Rxe3 Rxe3 32. Qf2 Rxd3 33. Qxf7+ Qxf7 34. Rxf7 Kxf7 35. cxd3 Ke6 36. g4 g5 37. g3 Ke5 38. h4 Nd5 39. Kg2 h6 0-1

[Event "Titled Tuesday intern op 18th Jul Early"]
[Site "Chess.com INT"]
[Date "2023.07.18"]
[Round "5"]
[White "Grafil, Franz Robert"]
[Black "Lisjak, Zlatko"]
[Result "1-0"]
[WhiteElo "2221"]
[BlackElo "2213"]
[PlyCount "23"]
[EventDate "2023.07.18"]
[EventType "swiss (blitz)"]
[EventRounds "11"]
[EventCountry "USA"]
[SourceTitle "EXT 2024"]
[Source "ChessBase"]
[SourceDate "2023.10.10"]
[SourceVersion "1"]
[SourceVersionDate "2023.10.10"]
[SourceQuality "1"]

1. d4 d6 2. e4 Nf6 3. Nc3 c6 4. f4 Qa5 5. Bd3 e5 6. Nf3 Nbd7 7. 0-0 exd4 8. Nxd4 Qb6 9. Be3 Qb5 10. Ncxb5 cxb5 11. Nxb5 Kd8 12. e5 1-0

[Event "Titled Tuesday intern op 18th Jul Early"]
[Site "Chess.com INT"]
[Date "2023.07.18"]
[Round "8"]
[White "Ivana Maria, Furtado"]
[Black "Lisjak, Zlatko"]
[Result "0-1"]
[WhiteElo "2072"]
[BlackElo "2213"]
[PlyCount "134"]
[EventDate "2023.07.18"]
[EventType "swiss (blitz)"]
[EventRounds "11"]
[EventCountry "USA"]
[SourceTitle "EXT 2024"]
[Source "ChessBase"]
[SourceDate "2023.10.10"]
[SourceVersion "1"]
[SourceVersionDate "2023.10.10"]
[SourceQuality "1"]

1. d4 d6 2. c4 e5 3. dxe5 dxe5 4. Qxd8+ Kxd8 5. Nf3 f6 6. Nc3 Be6 7. e4 Nd7 8. Be3 c6 9. 0-0-0 Nh6 10. h3 Nf7 11. Be2 Nd6 12. c5 Nc4 13. Bxc4 Bxc4 14. b4 a5 15. a3 Kc7 16. Nd2 Bf7 17. Kc2 Be7 18. Nb3 axb4 19. axb4 Ra3 20. Na5 b6 21. cxb6+ Nxb6 22. Bxb6+ Kxb6 23. Rd7 Bxb4 24. Rb7+ Kxa5 25. Ra7+ Kb6 26. Rxa3 Bxa3 27. Rb1+ Kc7 28. Ra1 Bc5 29. f3 Bd4 30. Ra3 Bxc3 31. Kxc3 Kb6 32. Ra1 Kc5 33. Ra5+ Kb6 34. Ra1 c5 35. Rb1+ Kc6 36. Ra1 Rd8 37. Ra7 Rd7 38. Ra6+ Kb5 39. Ra1 c4 40. Rb1+ Kc5 41. Ra1 Rd3+ 42. Kc2 Rd7 43. Ra5+ Kd4 44. Ra1 Be6 45. Rd1+ Ke3 46. Rxd7 Bxd7 47. Kc3 Kf2 48. Kxc4 Kxg2 49. Kd5 Kxf3 50. Kd6 Bxh3 51. Ke7 Kxe4 52. Kf7 f5 53. Kxg7 f4 54. Kxh7 f3 55. Kh6 f2 56. Kh7 f1Q 57. Kh6 Qf6+ 58. Kh7 Bf5+ 59. Kg8 Qe6+ 60. Kg7 Kf4 61. Kf8 e4 62. Kg7 e3 63. Kf8 e2 64. Kg7 e1Q 65. Kf8 Qb1 66. Kg7 Qg1+ 67. Kf8 Qgg8# 0-1

[Event "Titled Tuesday intern op 18th Jul Early"]
[Site "Chess.com INT"]
[Date "2023.07.18"]
[Round "1"]
[White "Lisjak, Zlatko"]
[Black "Becerra, Juan David"]
[Result "0-1"]
[WhiteElo "2213"]
[BlackElo "2388"]
[PlyCount "92"]
[EventDate "2023.07.18"]
[EventType "swiss (blitz)"]
[EventRounds "11"]
[EventCountry "USA"]
[SourceTitle "EXT 2024"]
[Source "ChessBase"]
[SourceDate "2023.10.10"]
[SourceVersion "1"]
[SourceVersionDate "2023.10.10"]
[SourceQuality "1"]

1. d4 d5 2. Nc3 Nf6 3. Bf4 c6 4. e3 g6 5. h4 Bg7 6. h5 Nxh5 7. Rxh5 gxh5 8. Qxh5 Qd7 9. Bd3 Qg4 10. Qh2 Nd7 11. f3 Qe6 12. 0-0-0 b5 13. g4 b4 14. Bf5 Qf6 15. Na4 e6 16. Bd3 e5 17. g5 Qe7 18. dxe5 Nxe5 19. Qf2 Nxd3+ 20. cxd3 h6 21. gxh6 Bxh6 22. Ne2 c5 23. Kb1 Bd7 24. b3 Bxa4 25. bxa4 Bxf4 26. Nxf4 0-0-0 27. Rc1 Kb7 28. e4 d4 29. Qc2 Rh4 30. Nd5 Rxd5 31. exd5 Kb6 32. Qc4 a6 33. d6 Qxd6 34. Qxf7 Rf4 35. Qh5 Rf6 36. Rc4 Re6 37. Qf5 Re1+ 38. Kc2 Re5 39. Qf7 Re7 40. Qf5 Qh2+ 41. Kb3 Qd6 42. a5+ Kb5 43. Qf8 Kxa5 44. Qc8 Kb6 45. a4 bxa3 46. Kxa3 Rb7 0-1

[Event "Titled Tuesday intern op 18th Jul Early"]
[Site "Chess.com INT"]
[Date "2023.07.18"]
[Round "6"]
[White "Lisjak, Zlatko"]
[Black "Montano, Vicente Guadalupe"]
[Result "1-0"]
[WhiteElo "2213"]
[BlackElo "1809"]
[PlyCount "71"]
[EventDate "2023.07.18"]
[EventType "swiss (blitz)"]
[EventRounds "11"]
[EventCountry "USA"]
[SourceTitle "EXT 2024"]
[Source "ChessBase"]
[SourceDate "2023.10.10"]
[SourceVersion "1"]
[SourceVersionDate "2023.10.10"]
[SourceQuality "1"]

1. d4 Nf6 2. Nc3 d5 3. Bf4 c6 4. e3 b5 5. Bd3 Bg4 6. f3 Bc8 7. g4 b4 8. Nce2 Qb6 9. h4 Ba6 10. g5 Bxd3 11. Qxd3 Nfd7 12. 0-0-0 Qa6 13. h5 Qxd3 14. cxd3 e6 15. Kb1 Na6 16. Rc1 Rc8 17. Nh3 Be7 18. Nf2 Nab8 19. e4 f6 20. gxf6 gxf6 21. Rhg1 e5 22. Be3 Na6 23. f4 exf4 24. Nxf4 dxe4 25. dxe4 Nc7 26. d5 cxd5 27. Nxd5 Kd8 28. Bxa7 Nxd5 29. exd5 Rxc1+ 30. Rxc1 Bd6 31. Ne4 Bf4 32. Rc6 Be5 33. Bb6+ Nxb6 34. Rxb6 Ke7 35. Rb7+ Kd8 36. Rxb4 1-0

[Event "Titled Tuesday intern op 18th Jul Early"]
[Site "Chess.com INT"]
[Date "2023.07.18"]
[Round "11"]
[White "Lisjak, Zlatko"]
[Black "Nithyalakshmi, Sivanesan"]
[Result "0-1"]
[WhiteElo "2213"]
[BlackElo "1889"]
[PlyCount "72"]
[EventDate "2023.07.18"]
[EventType "swiss (blitz)"]
[EventRounds "11"]
[EventCountry "USA"]
[SourceTitle "EXT 2024"]
[Source "ChessBase"]
[SourceDate "2023.10.10"]
[SourceVersion "1"]
[SourceVersionDate "2023.10.10"]
[SourceQuality "1"]

1. e4 e6 2. d3 d5 3. Nd2 c5 4. Ngf3 Nc6 5. g3 Be7 6. Bg2 Nf6 7. 0-0 0-0 8. Re1 Qc7 9. Qe2 b5 10. e5 Nd7 11. c3 b4 12. Nf1 a5 13. h4 Ba6 14. h5 Rfe8 15. N1h2 f6 16. exf6 Bxf6 17. Bd2 e5 18. Ng5 e4 19. c4 Nd4 20. Qg4 Ne5 21. Qh4 Nxd3 22. cxd5 Nxe1 23. Rxe1 Bd3 24. Ng4 Qd8 25. h6 Nf5 26. Nxf6+ Qxf6 27. Qg4 Nxh6 28. Qd7 Rf8 29. Be3 Nf5 30. Bxc5 Rfd8 31. Qe6+ Qxe6 32. dxe6 h6 33. Nxe4 Bxe4 34. Bxe4 Rac8 35. e7 Nxe7 36. Bxe7 Re8 0-1

[Event "Titled Tuesday intern op 11th Jul Early"]
[Site "Chess.com INT"]
[Date "2023.07.11"]
[Round "3"]
[White "Dubnevych, Maksym"]
[Black "Lisjak, Zlatko"]
[Result "1-0"]
[WhiteElo "2251"]
[BlackElo "2213"]
[PlyCount "49"]
[EventDate "2023.07.11"]
[EventType "swiss (blitz)"]
[EventRounds "11"]
[EventCountry "USA"]
[SourceTitle "EXT 2024"]
[Source "ChessBase"]
[SourceDate "2023.10.10"]
[SourceVersion "1"]
[SourceVersionDate "2023.10.10"]
[SourceQuality "1"]

1. d4 d6 2. e4 Nf6 3. Nc3 c6 4. f4 Qa5 5. Qd3 Na6 6. e5 Nb4 7. Qd2 dxe5 8. fxe5 Bf5 9. Bd3 Bxd3 10. cxd3 Nd7 11. Nf3 0-0-0 12. a3 Nd5 13. 0-0 h6 14. b4 Qc7 15. Nxd5 cxd5 16. b5 Kb8 17. a4 Rc8 18. Ba3 e6 19. Rfc1 Qb6 20. Rxc8+ Kxc8 21. Bxf8 Rxf8 22. Rc1+ Kb8 23. Qc3 f6 24. exf6 Rxf6 25. Qc8# 1-0

[Event "Titled Tuesday intern op 11th Jul Early"]
[Site "Chess.com INT"]
[Date "2023.07.11"]
[Round "11"]
[White "Lisjak, Zlatko"]
[Black "Roque Sola, Jose Luis"]
[Result "1-0"]
[WhiteElo "2213"]
[BlackElo "2170"]
[PlyCount "47"]
[EventDate "2023.07.11"]
[EventType "swiss (blitz)"]
[EventRounds "11"]
[EventCountry "USA"]
[SourceTitle "EXT 2024"]
[Source "ChessBase"]
[SourceDate "2023.10.10"]
[SourceVersion "1"]
[SourceVersionDate "2023.10.10"]
[SourceQuality "1"]

1. d4 Nf6 2. Nc3 d5 3. Bf4 c5 4. e4 dxe4 5. d5 Bg4 6. f3 exf3 7. Nxf3 g6 8. Qd2 Bxf3 9. gxf3 Bg7 10. 0-0-0 0-0 11. h4 Nh5 12. Bh6 Nd7 13. Ne4 Ndf6 14. Bxg7 Kxg7 15. Nxc5 b6 16. Ne4 Qd7 17. Kb1 Rfd8 18. c4 Qc7 19. Rg1 Qf4 20. Qc3 Qxh4 21. d6 exd6 22. Nxd6 Qf4 23. Qa3 Qxf3 24. Qxf3 1-0

[Event "Titled Tuesday intern op 11th Jul Early"]
[Site "Chess.com INT"]
[Date "2023.07.11"]
[Round "8"]
[White "Rian, Kapriaga"]
[Black "Lisjak, Zlatko"]
[Result "1-0"]
[WhiteElo "2089"]
[BlackElo "2213"]
[PlyCount "101"]
[EventDate "2023.07.11"]
[EventType "swiss (blitz)"]
[EventRounds "11"]
[EventCountry "USA"]
[SourceTitle "EXT 2024"]
[Source "ChessBase"]
[SourceDate "2023.10.10"]
[SourceVersion "1"]
[SourceVersionDate "2023.10.10"]
[SourceQuality "1"]

1. d4 d6 2. Nf3 Bg4 3. e3 Nd7 4. Be2 e5 5. 0-0 f5 6. b3 g6 7. Bb2 Bg7 8. dxe5 dxe5 9. Nbd2 Ne7 10. Nc4 Bxf3 11. Bxf3 0-0 12. Bxb7 Rb8 13. Bd5+ Kh8 14. Be6 Nc5 15. Qxd8 Rfxd8 16. Ba3 Nxe6 17. Bxe7 Rd7 18. Ba3 Rbd8 19. g3 e4 20. Rab1 Ng5 21. Kg2 Nf3 22. Bc5 h5 23. Bxa7 Ra8 24. Bc5 Rxa2 25. Rfc1 Bc3 26. h4 Kg7 27. Ba3 Nd2 28. Rd1 Kf6 29. Rbc1 Rd5 30. Nxd2 Bxd2 31. Bb4 Bxc1 32. Rxd5 Rxc2 33. Bc5 c6 34. Rd6+ Kf7 35. b4 Bd2 36. Kf1 Ra2 37. Rxc6 Ra1+ 38. Ke2 Bc3 39. Rc7+ Ke8 40. f4 Ra2+ 41. Kf1 Rh2 42. Kg1 Rb2 43. Rc6 Kf7 44. Rb6 Rb1+ 45. Kg2 Rb2+ 46. Kh3 Be1 47. Bd4 Re2 48. Rf6+ Ke7 49. Rxg6 Bxb4 50. Rg5 Be1 51. Rxh5 1-0

[Event "Titled Tuesday intern op 04th Jul Early"]
[Site "Chess.com INT"]
[Date "2023.07.04"]
[Round "2"]
[White "Dobre, Claudiu Cristian"]
[Black "Lisjak, Zlatko"]
[Result "0-1"]
[WhiteElo "2261"]
[BlackElo "2213"]
[PlyCount "90"]
[EventDate "2023.07.04"]
[EventType "swiss (blitz)"]
[EventRounds "11"]
[EventCountry "USA"]
[SourceTitle "EXT 2024"]
[Source "ChessBase"]
[SourceDate "2023.10.10"]
[SourceVersion "1"]
[SourceVersionDate "2023.10.10"]
[SourceQuality "1"]

1. e4 c5 2. b3 Nf6 3. e5 Nd5 4. d4 cxd4 5. Qxd4 e6 6. Nf3 Nc6 7. Qb2 Bb4+ 8. c3 Be7 9. c4 Nb6 10. Bd2 f5 11. exf6 Bxf6 12. Bc3 Nb4 13. a3 Nc6 14. Nbd2 0-0 15. Bd3 d5 16. Bxf6 Rxf6 17. Qc2 h6 18. 0-0 e5 19. cxd5 Nxd5 20. Ne4 Rf4 21. Bc4 Rxf3 22. gxf3 Nd4 23. Bxd5+ Qxd5 24. Qc4 Nxf3+ 25. Kg2 Nh4+ 26. Kg1 Qxc4 27. bxc4 Bh3 28. Rfd1 Rf8 29. Rd3 Nf3+ 30. Kh1 Rf4 31. Re3 Bd7 32. Rd1 Bc6 33. Rd5 g5 34. Kg2 Nh4+ 35. Kf1 Ng6 36. Ke2 Ne7 37. Rxe5 Ng6 38. Re6 Kf7 39. Rxc6 bxc6 40. Nd6+ Kf6 41. Rb3 Rd4 42. c5 Nf4+ 43. Ke3 Rd5 44. Rb7 Ke5 45. Re7+ Ne6 0-1

[Event "Titled Tuesday intern op 13th Jun Early"]
[Site "Chess.com INT"]
[Date "2023.06.13"]
[Round "2"]
[White "Mrudul, Dehankar"]
[Black "Lisjak, Zlatko"]
[Result "0-1"]
[WhiteElo "2030"]
[BlackElo "2213"]
[PlyCount "46"]
[EventDate "2023.06.13"]
[EventType "swiss (blitz)"]
[EventRounds "11"]
[EventCountry "USA"]
[SourceTitle "EXT 2024"]
[Source "ChessBase"]
[SourceDate "2023.10.10"]
[SourceVersion "1"]
[SourceVersionDate "2023.10.10"]
[SourceQuality "1"]

1. e4 d6 2. d4 Nf6 3. Nc3 c6 4. Nf3 Bg4 5. Be2 e6 6. h3 Bh5 7. Be3 d5 8. e5 Nfd7 9. Nd2 Bg6 10. 0-0 c5 11. Nb5 Nc6 12. dxc5 Nxc5 13. c3 a6 14. Nd6+ Bxd6 15. exd6 Qxd6 16. Nc4 Qe7 17. Nb6 Rd8 18. b4 Ne4 19. f3 Nxc3 20. Qe1 d4 21. Bf4 Qxb4 22. Nc4 Nxe2+ 23. Qxe2 d3 0-1

[Event "Titled Tuesday intern op 13th Jun Early"]
[Site "Chess.com INT"]
[Date "2023.06.13"]
[Round "5"]
[White "Smirnov, Mark1111"]
[Black "Lisjak, Zlatko"]
[Result "1-0"]
[WhiteElo "1921"]
[BlackElo "2213"]
[PlyCount "59"]
[EventDate "2023.06.13"]
[EventType "swiss (blitz)"]
[EventRounds "11"]
[EventCountry "USA"]
[SourceTitle "EXT 2024"]
[Source "ChessBase"]
[SourceDate "2023.10.10"]
[SourceVersion "1"]
[SourceVersionDate "2023.10.10"]
[SourceQuality "1"]

1. e4 d6 2. d4 Nf6 3. Nc3 c6 4. a4 a5 5. f4 Na6 6. Nf3 Bg4 7. Be2 e6 8. h3 Bxf3 9. Bxf3 d5 10. e5 Nd7 11. Ne2 c5 12. Be3 Rc8 13. c3 Be7 14. 0-0 g6 15. g4 Nb6 16. b3 cxd4 17. cxd4 Nb4 18. Rc1 0-0 19. f5 exf5 20. gxf5 gxf5 21. Bh6 Bg5 22. Rxc8 Nxc8 23. Bxf8 Qxf8 24. Ng3 Ne7 25. Qe2 Qh6 26. Qg2 Kh8 27. Kh1 Nd3 28. Nh5 Be3 29. Qg3 Ng6 30. Be2 1-0

[Event "Titled Tuesday intern op 06th Jun Early"]
[Site "Chess.com INT"]
[Date "2023.06.06"]
[Round "4"]
[White "Lisjak, Zlatko"]
[Black "Pg, Mohd Omar Ak Hira"]
[Result "0-1"]
[WhiteElo "2213"]
[BlackElo "2166"]
[PlyCount "96"]
[EventDate "2023.06.06"]
[EventType "swiss (blitz)"]
[EventRounds "11"]
[EventCountry "USA"]
[SourceTitle "EXT 2024"]
[Source "ChessBase"]
[SourceDate "2023.10.10"]
[SourceVersion "1"]
[SourceVersionDate "2023.10.10"]
[SourceQuality "1"]

1. d4 Nf6 2. Nc3 d5 3. Bf4 Nh5 4. Bg5 h6 5. Bc1 Nf6 6. Nf3 Bf5 7. Bf4 e6 8. e3 Bb4 9. Bd3 Be4 10. 0-0 Bxc3 11. bxc3 0-0 12. Rb1 b6 13. c4 dxc4 14. Bxc4 Nbd7 15. Ne5 Nxe5 16. Bxe5 Nd7 17. Bg3 Rc8 18. f3 Ba8 19. e4 Qf6 20. Kh1 Qg6 21. Qe2 Nf6 22. Ba6 Rcd8 23. c3 Rd7 24. Bd3 Nh5 25. Bh4 Nf4 26. Qd2 Nxd3 27. Qxd3 e5 28. d5 Rxd5 29. Qe3 Rd7 30. Rb5 c5 31. h3 Bc6 32. Rb2 f6 33. Rd2 Rfd8 34. Rxd7 Rxd7 35. Qe2 Qf7 36. g4 Kh7 37. Bg3 Qe6 38. h4 Qd6 39. f4 Qd3 40. Qxd3 Rxd3 41. Kh2 exf4 42. Rxf4 Rxc3 43. g5 hxg5 44. hxg5 fxg5 45. Rf7 Rc2+ 46. Kh3 Bxe4 47. Be5 Kg6 48. Rxa7 Kf5 0-1

[Event "Titled Tuesday intern op 06th Jun Early"]
[Site "Chess.com INT"]
[Date "2023.06.06"]
[Round "6"]
[White "Lisjak, Zlatko"]
[Black "Skiadopoulos, Nikolaos"]
[Result "1-0"]
[WhiteElo "2213"]
[BlackElo "1896"]
[PlyCount "75"]
[EventDate "2023.06.06"]
[EventType "swiss (blitz)"]
[EventRounds "11"]
[EventCountry "USA"]
[SourceTitle "EXT 2024"]
[Source "ChessBase"]
[SourceDate "2023.10.10"]
[SourceVersion "1"]
[SourceVersionDate "2023.10.10"]
[SourceQuality "1"]

1. d4 Nf6 2. Nc3 c5 3. d5 a6 4. e4 b5 5. e5 Ng8 6. Nf3 g6 7. h4 h5 8. Bg5 d6 9. Ne4 f6 10. exf6 exf6 11. Bf4 Bf5 12. Qe2 Kf7 13. 0-0-0 Ra7 14. Neg5+ fxg5 15. Nxg5+ Kg7 16. Ne6+ Bxe6 17. dxe6 Be7 18. Be5+ dxe5 19. Rxd8 Bxd8 20. Qxe5+ Bf6 21. Qxb8 Re7 22. Qd6 c4 23. Qxa6 Nh6 24. Qxb5 Ng4 25. Bxc4 Nxf2 26. Rf1 Bxh4 27. a4 Rf8 28. a5 Rf5 29. Qb4 Rxe6 30. Bxe6 Nd3+ 31. cxd3 Rxf1+ 32. Kc2 Bf6 33. Qb7+ Kh6 34. a6 Rf2+ 35. Kc1 Rf1+ 36. Kc2 Rf2+ 37. Kb1 Rxg2 38. Qxg2 1-0

[Event "Titled Tuesday intern op 06th Jun Early"]
[Site "Chess.com INT"]
[Date "2023.06.06"]
[Round "3"]
[White "Shtompel, Yuriy"]
[Black "Lisjak, Zlatko"]
[Result "1-0"]
[WhiteElo "1933"]
[BlackElo "2213"]
[PlyCount "83"]
[EventDate "2023.06.06"]
[EventType "swiss (blitz)"]
[EventRounds "11"]
[EventCountry "USA"]
[SourceTitle "EXT 2024"]
[Source "ChessBase"]
[SourceDate "2023.10.10"]
[SourceVersion "1"]
[SourceVersionDate "2023.10.10"]
[SourceQuality "1"]

1. Nf3 d6 2. g3 Bg4 3. Bg2 Nd7 4. 0-0 c6 5. d3 e5 6. e4 Be7 7. h3 Bh5 8. Nc3 b5 9. Ne2 Qc7 10. c3 h6 11. g4 Bg6 12. Ng3 Ngf6 13. Nh4 Bh7 14. Nhf5 Bf8 15. h4 h5 16. g5 Ng8 17. f4 g6 18. Ne3 exf4 19. Rxf4 d5 20. Qf1 Bd6 21. Rxf7 Bxg3 22. exd5 Qd6 23. dxc6 Ne5 24. Rd7 Nxd7 25. cxd7+ Qxd7 26. Bxa8 Ne7 27. Qg2 Bd6 28. d4 Bg8 29. Bd2 Be6 30. Re1 0-0 31. Rf1 Rxf1+ 32. Qxf1 Nf5 33. Nxf5 Bxf5 34. Bd5+ Kh7 35. Bg2 Qe7 36. Bf4 Qe6 37. Bxd6 Qxd6 38. Qe2 a6 39. Qe5 Qd8 40. Bd5 Qf8 41. Qc7+ Kh8 42. Qe5+ 1-0